Name every member of that Pro Wrestling Stables #2 - Statistics

General Stats
  • This quiz has been taken 7 times
  • The average score is 16 of 140
Answer Stats
Hint Answer % Correct
WD David Finlay
75%
Clark Connors
50%
Gabe Kidd
50%
Kyle O'Reilly
50%
Orange Cassidy
50%
DA Paul E. Dangerously
50%
Steve Austin
50%
Tomohiro Ishii
50%
Zack Sabre Jr
50%
Arn Anderson
25%
Bobby Eaton
25%
Chase Owens
25%
Chuck Taylor
25%
Drilla Moloney
25%
Gedo
25%
Hirooki Goto
25%
Jado
25%
Janai Kai
25%
Jay White
25%
Jimmy Jacobs
25%
Chaos Kazuchika Okada
25%
Kevin Steen
25%
Kris Statlander
25%
Larry Zbyszko
25%
Madusa
25%
Cong Mark Briscoe
25%
Matt Hardy
25%
TMDK Mikey Nicholls
25%
Minoru Suzuki
25%
Rhino
25%
Rick Rude
25%
Robbie X
25%
Rocky Romero
25%
SANADA
25%
Shinsuke Nakamura
25%
SHO
25%
SCUM Steve Corino
25%
Toru Yano
25%
Trent Beretta
25%
Trey Miguel
25%
Will Ospreay
25%
YOH
25%
Yoshi-Hashi
25%
Yujiro Takahashi
25%
Ras Zachary Wentz
25%
Alex Coughlin
0%
Andras Miyagi
0%
Babathunder
0%
Bad Dude Tito
0%
Bea Priestley
0%
GC Ben-K
0%
Black Tiger
0%
BxB Hulk
0%
Cliff Compton
0%
Daiki Nagai
0%
Daivari
0%
Damian Slater
0%
Dezmond Xavier
0%
Dustin Connors
0%
Fukigen Death
0%
Giant Bernard
0%
DDM Giulia
0%
Hana Kimura
0%
Hartley Jackson
0%
Hazuki
0%
Hideo Saito
0%
Himeka
0%
Hiromu Takahashi
0%
Hologram
0%
Hyo
0%
Ikuro Kwon
0%
JACKY KAMEI
0%
Jacob Fatu
0%
Jake Lee
0%
Jamie Hayter
0%
Jimmy Rave
0%
JONAH
0%
Josef Samael
0%
Kagetsu
0%
Kaito Ishida
0%
Karl Anderson
0%
Kazushi Sakuraba
0%
Killer Rabbit
0%
Konami
0%
37K Konosuke Takeshita
0%
Kosei Fujita
0%
Kota Minoura
0%
Kris Wolf
0%
Lio Rush
0%
Contra Mads Krule Krugger
0%
Maika
0%
Mai Sakurai
0%
MAO
0%
Marcius Pitt
0%
Martina
0%
MIRAI
0%
Mochizuki Jr
0%
Momo Watanabe
0%
Myron Reed
0%
Nao Yamaguchi
0%
Naruki Doi
0%
OT Natsuko Tora
0%
Natsupoi
0%
Natsu Sumire
0%
OSKAR
0%
Rhett Titus
0%
Riiita
0%
Rina
0%
Robbie Eagles
0%
Ruaka
0%
Ryohei Oiwa
0%
Saki Kashima
0%
Sentai Death Squad Soldier #1
0%
Sentai Death Squad Soldier #2
0%
Shane Haste
0%
Shingo Takagi
0%
Shunma Katsumata
0%
Simon Gotch
0%
Slex
0%
Starlight Kid
0%
Syuri
0%
Taiji Ishimori
0%
Takashi Iizuka
0%
Tam Nakano
0%
Tetsuya Naito
0%
Thekla
0%
Titan
0%
Toi Kojima
0%
Wheeler Yuta
0%
Willow Nightingale
0%
Yota Tsuji
0%
Yuki Ueno
0%
Yuto-Ice
0%
No matching quizzes found
Score Distribution
Percent of People with Each Score
Percentile by Number Answered
Your Score History
You have not taken this quiz